000 00666nam a2200217Ia 4500
005 20230215101658.0
008 131103s9999 xx 000 0 und d
020 _a747519560
_cGBP 7.99
040 _aLoreto College
041 _aEnglish
082 _a820.9
_bWYN
245 4 _aThe Renaissance
_b a guide to English Renaissance literature : 1500-1660
_cedited by Marion Wynne-Davies
260 _aLondon
_bBloomsbury
_c1994
300 _aix,302 p.
440 _aBloomsbury guides to English literature
650 _aEnglish Literature
651 _a16th Century - History and Criticism
700 _aWynne-Davies, Marion
850 _aLCLIB
942 _cBK
999 _c7795
_d58274